000 00798nam a2200241Ia 4500
003 OSt
005 20220927105639.0
006 a|||||r|||| 00| 0
007 ta
008 220926b |||||||| |||| 00| 0 eng d
024 _a179218
037 _cReference Collections
040 _aRTL
_cRTL
_beng
041 _2eng
_aeng
082 _a"X9(F555):75.2.N8, M3/SC"
100 _aBHATIA Ramesh
_9373883
245 0 _aPlanning for the petroleum and fertilizer industries
_b A programming model for India
260 _aDelhi
_bOxford university press
_c1983
300 _a"xvi,259p."
_ccm.
500 _aBibliography :P.247-224; Appendix :197-246p.
942 _h"X9(F555):75.2.N8, M3/SC"
_cCC
999 _c693589
_d693589